Responses for Show #4999 - Thursday, May 11, 2006

2006 Tournament of Champions quarterfinal game 4.

Contestants

[<< previous game]

Bob Mesko, an arts administrator from Denver, Colorado

David Madden, a student originally from Ridgewood, New Jersey

Michael Falk, a meteorologist from Milwaukee, Wisconsin

[next game >>]

Jeopardy! Round responses

THE NEW YORK TIMES BUSINESS
LOVE SONGS IN GERMAN
FIRST IN OUR HEARTS
IT'S NOT ALEX TREBEK
SCIENCE BRIEFS
RATED "R"
    $200 22
Coca-Cola

Michael
    $200 21
"I Got You Babe"

Bob
    $200 27
(the Lincoln) penny

Michael
    $200 11
(David: Who is McGovern?)

Spiro Agnew

DavidBob
    $200 1
measles, mumps, & rubella

Michael
    $200 6
reapers

Michael
    $400 23
Sears

Michael
    $400 20
"I Think I Love You"

David
    $400 28
a patent

Michael
    $400 12
Charlie McCarthy

David
    $400 2
kinetic

Michael
    $400 7
racketeering

Bob
    $600 24
A&P

David
    $600 19
"Love Will Keep Us Together"

David
    $600 29
Fermi

Michael
    $600 16
Lenin

Bob
    $600 3
(David: Who is Galileo?)

Newton

David
Triple Stumper
    $600 8
the rotator cuff

David
    $800 25
ExxonMobil

David
    $800 14
"You Are The Sunshine Of My Life"

Bob
    $800 30
an Electoral College vote

David
    $800 17
Robert E. Lee

Bob
    $1,000 4
Hg

Michael
    $800 9
Romania

Michael
    $1000 26
AIG

Bob
    $1000 13
"You Are So Beautiful"

David
    $1000 15
(Laurens) Hammond

Michael
    $1000 18
(Alex: Right. That was before I shaved my mustache. But you're--you're trying to figure out which one was Alex. All right. David. We won't go there.)

Neville Chamberlain

David
    $1000 5
(Nikola) Tesla

Michael
    $1000 10
the rowels

Triple Stumper

Scores at the first commercial break (after clue 15):

Michael David Bob
$4,600 $1,200 $1,400

Scores at the end of the Jeopardy! Round:

Michael David Bob
$6,400 $5,400 $4,000

Double Jeopardy! Round responses

WORLD CAPITALS
OFF-BROADWAY
RIDDLE ME THIS
"T" BIRDS
AUTHORS IN THEIR YOUTH
QUOTATIONS
    $400 6
Reykjavik

David
    $400 30
Alec Baldwin

Triple Stumper
    $400 21
Samson

David
    $400 12
the teal

David
    $400 1
Africa

Bob
    $400 17
Ronald Reagan

Bob
    $800 16
Budapest

David
    $800 29
Amsterdam

Michael
    $800 22
man

Bob
    $800 11
a toucan

Bob
    $800 2
Allen Ginsberg

Michael
    $800 19
Muhammad Ali

David
    $1200 15
Oslo

David
    $1200 28
Siddhartha

David
    $1200 23
(Edward) Elgar

Michael
    $1200 8
a tern

David
    $1200 3
(Erle Stanley) Gardner

Michael
    $2,200 13
(Alex: [*] is right. He flipped it and made it very humorous.)

work

David
    $3,400 7
(Alex: That's right, named for George III, and you lead now with $9,200.)

Georgetown

David
    $1600 27
Fanny Hill

Triple Stumper
    $1600 24
Magritte

David
    $1600 9
thrushes

Bob
    $1600 4
(Bob: Who is Molly Brown?)

Anaïs Nin

Bob
Triple Stumper
    $1600 20
(Margaret) Thatcher

Michael
    $2000 14
Paramaribo

Michael
    $2000 26
Stomp

Bob
    $2000 25
Turandot

Bob
    $2000 10
a titmouse

David
    $2000 5
Clive Barker

Triple Stumper
    $2000 18
Geronimo

David

Scores at the end of the Double Jeopardy! Round:

Michael David Bob
$14,000 $23,000 $10,400

Final Jeopardy! Round responses

HISTORIC NAMES
(Alex: The silent movie referred to by... Sergei Eisenstein. Famous Russian filmmaker.)
BobWho is Potemkin
$4,000
MichaelWho was Boris Gudenov?
$0
DavidWho is Potemkin?
$5,001
Grigory Aleksandrovich Potemkin

Final scores:

Michael David Bob
$14,000 $28,001 $14,400
3rd place: $5,000 if eliminated Automatic semifinalist 2nd place: $5,000 if eliminated

Game dynamics:

Coryat scores:

Michael David Bob
$13,800 $20,200 $10,400
18 R
(including 1 DD),
0 W
22 R
(including 2 DDs),
2 W
14 R,
1 W

Combined Coryat: $44,400

[game clues] [game scores] [suggest correction]

Game tape date: 2006-04-10
The J! Archive is created by fans, for fans. Scraping, republication, monetization, and malicious use prohibited; this site may use cookies and collect identifying information. See terms. The Jeopardy! game show and all elements thereof, including but not limited to copyright and trademark thereto, are the property of Jeopardy Productions, Inc. and are protected under law. This website is not affiliated with, sponsored by, or operated by Jeopardy Productions, Inc. Join the discussion at JBoard.tv.